The new American West in literature and the arts : a journey across boundaries /

"This collection of essays relates to the notion of the traveling essence of the myth of the American West from different geographical and disciplinary standpoints. The volume originates in Europe, in Spain, where the myth traveled, was received, assimilated, and re-presented. It intends to tra...

Full description

Bibliographic Details
Other Authors: Ibarraran-Bigalondo, Amaia (Editor)
Format: Book
Language:English
Published: New York : Routledge, Taylor & Francis Group, 2020.
Series:Routledge interdisciplinary perspectives on literature.
Subjects:

MARC

Tag First Indicator Second Indicator Subfields
LEADER 00000cam a2200000 i 4500
001 in00004350023
008 200322t20202020nyu b 001 0 eng
005 20250318223240.3
010 |a  2020012646 
020 |a 9780367858636 
020 |a 0367858630  |q hardcover 
020 |z 9781003056775  |q electronic book 
035 |a (OCoLC)on1149303725 
035 |a (OCoLC)1149303725 
040 |a LBSOR/DLC  |b eng  |e rda  |c DLC  |d OCLCO  |d OCLCF  |d YDX  |d UtOrBLW 
042 |a pcc 
043 |a n-usp-- 
050 0 0 |a PS169.W4  |b N49 2020 
082 0 0 |a 809/.8978  |2 23 
245 0 4 |a The new American West in literature and the arts :  |b a journey across boundaries /  |c edited by Amaia Ibarraran-Bigalondo. 
264 1 |a New York :  |b Routledge, Taylor & Francis Group,  |c 2020. 
264 4 |c ©2020 
300 |a xiv, 283 pages ;  |c 24 cm. 
336 |a text  |b txt  |2 rdacontent 
337 |a unmediated  |b n  |2 rdamedia 
338 |a volume  |b nc  |2 rdacarrier 
490 1 |a Routledge interdisciplinary perspectives on literature 
504 |a Includes bibliographical references and index. 
505 0 |a Best ice cream west of the Mississippi / Angel Chaparro Sainz, -- Introduction. (A)Traveling West / Amaia Ibarraran-Bigalondo -- Trends in Western American studies, or the road as seen from the borrow pit / Nancy S. Cook -- Forging the future, forgetting the human, or what the Los Angeles Freeways erased : oblivion in Helena María Viramontes's Their dogs came with them / Cristina Garrigós -- Diasporic Native Americans in Sherman Alexie's short stories : roots and routes in urban contexts / Aitor Ibarrola-Armendariz -- Nature, environment and direct action in the American West : Edward Abbey's The monkey wrench gang / Gorka Braceras-Martínez -- Mary Hallock Foote's reimagining of the woman's West / Megan Riley McGilchrist -- Crossing time, crossing space : traumatic memory in Octavia Butler's Kindred / Paula Barba-Guerrero -- "New blood time now:" the American West if Marlon James' A brief history of seven killings / Neil Campbell -- Behind the mask of Zorro : the Americanization of the legend and Isabel Allende's anticolonial revision / Georgia Simakou -- Pynchon stretches West to East in against the day / Matthew Cissell -- No country for young men : geographies of anxiety in My own private Idaho / Fiorenzo Iuliano -- Exit West to a borderless frontier / Esra Coker Korpez -- The Western before the Western : Sir Walter Scott's Waverley (1814) As a paradigm of pre-Western fiction / Alfredo Moro-Martin -- Beyond the Atlantic : the American West in twenty-first century Southwestern European literature / David Río-Raigadas -- Uncovering the Western : pastoralism, conflict and revenge in Agnieszka Holland's Film spoor / Marek Paryz -- Looking beyond the West from the dairy queen : local apertures, planetary visions / Audrey Goodman -- Comanches in Spain : (re)visiting a Spanish exhibition on the "Far West" / Nacho Guijarro-González -- Genre revisions and hibridity : westerns and the West in 21st century American TV / Jesús Ángel González -- The Basque Far West : expressions through art and music / Monika Madinabeitia. 
520 |a "This collection of essays relates to the notion of the traveling essence of the myth of the American West from different geographical and disciplinary standpoints. The volume originates in Europe, in Spain, where the myth traveled, was received, assimilated, and re-presented. It intends to travel back to the West, in a two-way cross-cultural journey, which will hopefully contribute to the delineation of the New-always self-renewing-American West"--  |c Provided by publisher. 
651 0 |a West (U.S.)  |x In literature.  |0 http://id.loc.gov/authorities/subjects/sh2008113453 
651 0 |a West (U.S.)  |v In art.  |0 http://id.loc.gov/authorities/subjects/sh2009000732 
650 7 |a Literature.  |2 fast  |0 (OCoLC)fst00999953 
651 7 |a West United States.  |2 fast  |0 (OCoLC)fst01243255 
700 1 |a Ibarraran-Bigalondo, Amaia,  |e editor.  |0 http://id.loc.gov/authorities/names/n2019003054 
830 0 |a Routledge interdisciplinary perspectives on literature.  |0 http://id.loc.gov/authorities/names/no2011177030 
852 8 |b pda,print  |z This title is available for the library to purchase for your use. Click the "Purchase It For Me" button to place a request. This item may take 5-10 business days to arrive. 
955 |a Print PDA title 
961 |m 565730 
999 f f |s 4dd1ee1f-ce05-4f04-b37e-b118ae07a913  |i 891dad80-c580-3ede-b682-45a9bb24361a  |t 0 
952 f f |a Texas A&M University  |b College Station  |c Sterling C. Evans Library  |d Purchase on Demand  |t 0  |e PS169.W4 N49 2020  |h Library of Congress classification 
998 f f |a PS169.W4 N49 2020  |t 0  |l Purchase on Demand